Книга с записями медицинских рецептов Евгении Ивановны Сенявиной (княгини Васильчиковой)

Доступно только в Электронных читальных залах Найти на картеНа карте
RUSMARC
00003458nmc2a2200000 x 450
001651d7305-7b11-40c3-bbcf-1d0ac3176050
00520151218152123.0
100##$a20150908l18451855k l0rusy0189 ca
1010#$arus
102##$aRU
2001#$aКнига с записями медицинских рецептов Евгении Ивановны Сенявиной (княгини Васильчиковой)
$j[1845-1855 гг.]
251##$cДело
300##$aВ переплете
801#0$aRU
$bРГИА
$c20150908
$gRCR
801#1$aRU
$bГлавНИВЦ
$c20150908
$2rusmarc
801#2$aRU
$bПБ им. Б.Н. Ельцина
$c20151218
$gRCR
$2rusmarc
850##$aРГИА
852##$aРГИА
$eФедеральное казенное учреждение "Российский государственный исторический архив" (РГИА)
$j952
937##$hРГИА
$d12147420
$aASBIBLIO_SCAN
462#0$1001822e29f6-cf5c-4253-b938-c1de610979e5
$12001
$aАрхив князей Васильчиковых. 1706-1917 гг.
$1251
$cОпись
$1852
$j1
461#0$1001f72a1ecb-9a9a-44e3-87ff-4a647e6521fe
$12001
$aВасильчиковы, князья
$1251
$cФонд
$1852
$j651
215##$a54 л.
$d36,5х26 см
371##$aДокумент не является опубликованным и широко распространяемым
105##$ay###
1222#$ad
035##$a651d7305-7b11-40c3-bbcf-1d0ac3176050
Формат отображения